Estatísticas para Todos os Pokémons de Fogo da 1° à 3° Geração

Clique aqui para jogar o quiz

Estatísticas Gerais

  • Esse quiz foi jogado 46 vezes
  • A pontuação média é 22 de 28

Estatísticas das Respostas

TipoPokémon% Correto
Fogo/VoadorCharizard
100%
FogoCharmander
98%
FogoCharmeleon
98%
Fogo/Voador (Lendário)Moltres
98%
Fogo/Voador (Lendário)Ho-Oh
89%
FogoArcanine
86%
FogoCyndaquil
86%
FogoGrowlithe
84%
FogoMagmar
84%
FogoQuilava
84%
FogoTorchic
84%
Fogo/LutadorBlaziken
82%
Fogo(Lendário)Entei
82%
FogoFlareon
80%
FogoTyphlosion
80%
Fogo/LutadorCombusken
75%
FogoNinetales
73%
FogoSlugma
73%
FogoVulpix
73%
Fogo/PedraMagcargo
70%
Fogo/TerrestreCamerupt
68%
FogoMagby
68%
Fogo/TerrestreNumel
68%
FogoRapidash
68%
Sombrio/FogoHoundoom
66%
Sombrio/FogoHoundour
66%
FogoPonyta
64%
FogoTorkoal
57%

Distribuição das Pontuações

Percentil de Números Respondidos

Porcentagem de Pessoas com Cada Pontuação

Sua Pontuação Histórica

Você não jogou esse quiz